| 000 | 01323nam a2200361 a 4500 | ||
|---|---|---|---|
| 001 | 000114976 | ||
| 003 | CHAP | ||
| 005 | 20220329144506.0 | ||
| 008 | 180821s2018 mx sm |||||||spa d | ||
| 010 | _a111437 | ||
| 011 | _a112409 | ||
| 040 | _cCHAP | ||
| 090 | _aTesis | ||
| 100 | 1 |
_aGil Silva, Normaldo. _9135789 |
|
| 245 | 1 | 0 |
_aEfecto de la aplicación de biofertilizante y aminoácidos en el crecimiento de maíz (Zea mayz L.) / _h[En línea] _cpor Normaldo Gil Silva. |
| 260 |
_aChapingo, Méx. : _bEl autor, _c2018. |
||
| 500 | _aPara ver el contenido del material haga clic en la liga | ||
| 502 | _aTesis (Ing. Agr. Esp. en Fitotecnia) -- UACH. Departamento de Fitotecnia | ||
| 590 |
_aBATCH-UPD _b10 _c20190528 _lUCH01 _h1527 |
||
| 590 |
_aE11695DGD _b10 _c20190528 _lUCH01 _h1527 |
||
| 590 |
_aE8697GMM _b05 _c20180821 _lUCH01 _h1225 |
||
| 590 |
_aE8697GMM _b05 _c20180821 _lUCH01 _h1228 |
||
| 590 |
_aE8697GMM _b05 _c20180828 _lUCH01 _h0915 |
||
| 590 |
_aE8697GMM _b05 _c20190514 _lUCH01 _h1530 |
||
| 650 | 1 | 4 |
_aFertilizantes _xEfecto en maíz. _940527 |
| 650 | 1 | 4 |
_aMaíz _xCrecimiento. _970923 |
| 650 | 1 | 4 |
_aMaíz _xFertilización. _970956 |
| 650 | 1 | 4 |
_aMaíz _xInoculación. _970983 |
| 856 |
_aFinding aid _uhttp://10.13.5.2/tesis/sist114976.pdf _zTeclea aquí |
||
| 901 | _aBK | ||
| 942 | _cTESIS | ||
| 942 | _n0 | ||
| 999 |
_c111437 _d111437 |
||